Обзор детекторов гамма-излучения для контроля положения ствола горизонтальной скважины; Вестник науки Сибири; № 1 (7)
| Parent link: | Вестник науки Сибири: электронный научный журнал/ Томский политехнический университет (ТПУ).— , 2011-.— 2226-0064 № 1 (7).— 2013.— [С. 129-138] |
|---|---|
| Autor principal: | |
| Sumari: | Заглавие с титульного листа Представлен обзор детекторов гамма-излучения и принципы их работы. Приведены основные характеристики счетчиков гамма-излучения. Отмечены основные достоинства и недостатки данных устройств. Выбран детектор для регистрации гамма-излучения в процессе горизонтального бурения нефтяных и газовых скважин. |
| Idioma: | rus |
| Publicat: |
2013
|
| Col·lecció: | Инженерные науки |
| Matèries: | |
| Accés en línia: | http://earchive.tpu.ru/handle/11683/16367 |
| Format: | MixedMaterials Electrònic Capítol de llibre |
| KOHA link: | https://koha.lib.tpu.ru/cgi-bin/koha/opac-detail.pl?biblionumber=504934 |
MARC
| LEADER | 00000naa2a2200000 4500 | ||
|---|---|---|---|
| 001 | 504934 | ||
| 005 | 20231101102907.0 | ||
| 035 | |a (RuTPU)RU\TPU\prd\175751 | ||
| 035 | |a RU\TPU\prd\175750 | ||
| 090 | |a 504934 | ||
| 100 | |a 20130417d2013 k y0rusy50 ca | ||
| 101 | 0 | |a rus | |
| 102 | |a RU | ||
| 135 | |a drnn ---uucaa | ||
| 181 | 0 | |a i | |
| 182 | 0 | |a b | |
| 200 | 1 | |a Обзор детекторов гамма-излучения для контроля положения ствола горизонтальной скважины |f Е. В. Голодных | |
| 203 | |a Текст |c электронный | ||
| 215 | |a 1 файл (486 Кб) | ||
| 225 | 1 | |a Инженерные науки | |
| 230 | |a Электронные текстовые данные (1 файл : 486 Кб) | ||
| 300 | |a Заглавие с титульного листа | ||
| 320 | |a [Библиогр.: с. 138 (9 назв.)] | ||
| 330 | |a Представлен обзор детекторов гамма-излучения и принципы их работы. Приведены основные характеристики счетчиков гамма-излучения. Отмечены основные достоинства и недостатки данных устройств. Выбран детектор для регистрации гамма-излучения в процессе горизонтального бурения нефтяных и газовых скважин. | ||
| 337 | |a Adobe Reader | ||
| 461 | 1 | |0 (RuTPU)RU\TPU\prd\143680 |x 2226-0064 |t Вестник науки Сибири |o электронный научный журнал |f Томский политехнический университет (ТПУ) |d 2011- | |
| 463 | 1 | |0 (RuTPU)RU\TPU\prd\174137 |t № 1 (7) |v [С. 129-138] |d 2013 | |
| 610 | 1 | |a геофизика | |
| 610 | 1 | |a геофизические приборы | |
| 610 | 1 | |a скважинные приборы | |
| 610 | 1 | |a счетчики | |
| 610 | 1 | |a детекторы | |
| 610 | 1 | |a сцинтилляторы | |
| 610 | 1 | |a электроны | |
| 610 | 1 | |a гамма-кванты | |
| 610 | 1 | |a гамма-излучения | |
| 610 | 1 | |a труды учёных ТПУ | |
| 610 | 1 | |a электронный ресурс | |
| 675 | |a 622.243.23 |v 3 | ||
| 700 | 1 | |a Голодных |b Е. В. |g Евгений Вадимович | |
| 801 | 1 | |a RU |b 63413507 |c 20090623 |g PSBO | |
| 801 | 2 | |a RU |b 63413507 |c 20180115 |g PSBO | |
| 856 | 4 | |u http://earchive.tpu.ru/handle/11683/16367 | |
| 942 | |c BK | ||